000 00685nam a2200241Ia 4500
003 OSt
005 20220918175337.0
006 a|||||r|||| 00| 0
007 ta
008 220917b |||||||| |||| 00| 0 eng d
024 _a16,666
037 _cTextual
040 _aARTS
_cARTS
_beng
041 _2eng
_aeng
082 _aO:1L70:9aN64<-N54, K5
100 _aHenley Elton F.
_953614
245 0 _aWordsworthian criticism 1945-64
_b An annotated bibliography
260 _c1965
650 _aENGLISH LITERATURE
700 _a Stam David H.
_953615
942 _hO:1L70:9aN64<-N54, K5
_cTEXL
_2CC
999 _c157042
_d157042